Normal view MARC view
  • Italia

Entry Nombre Geográfico

Number of records used in: 1

001 - NÚMERO DE CONTROL

  • campo de control: 47358

003 - IDENTIFICADOR DE NUMERO DE CONTROL

  • campo de control: UPN

005 - FECHA Y HORA DE LA ÜLTIMA TRANSACCIÓN

  • campo de control: 20221116093035.0

008 - DATOS DE LONGITUD FIJA

  • campo de control de longitud fija: 221116|| aca||aabn | a|a d

040 ## - FUENTE DE CATALOGACIÓN

  • Agencia de catalogación original: MX-MxUPN
  • Lenguaje de catalogación: spa
  • Agencia de transcripción: MX-MxUPN

151 ## - ENCABEZAMIENTO - NOMBRE GEOGRÁFICO

  • Nombre geográfico: Italia
  • Subdivisión general : Historia
  • Subdivisión cronológica : Siglo XVI

670 ## - FUENTE EN LA QUE SE LOCALIZARON DATOS

  • Cita de la fuente: DGB/UNAM, 16 noviembre 2022:
  • Información localizada: encabezamiento (Italia -- Historia -- Siglo XVI)

902 ## - CATALOGADOR

  • Catalogador: NDAF/161122